00949nas a2200289 4500001001300000003000900013005001700022007000300039008003400042040005400076041000900130072001300139100001600152100001900168100001500187100002200202100001900224100002000243100002700263245011200290650001100402650002300413650003000436650002600466773011600492856005100608BR2013008689BR-BrBNA20231205123215.0ta230509b bl.|||p| |||| 00| 00por d aBR-BrBNAbporcBiblioteca Nacional de Agricultura a(En) aQ04; J111 aDamiani, C.1 aAsquieri, E.R.1 aLage, M.E.1 aOliveira, R.A. de1 aSilva, F.A. da1 aPereira, D.E.P.1 aVilas Boas, E.V. de B.1 aStudy of the shelf-life of a mixed araça (Psidium guineensis Sw.)and marolo (Annona crassiflora Mart.)jam aGELEIA aVIDA-DE-PRATELEIRA aARMAZENAMENTO DE ALIMENTO aANÁLISE DE ALIMENTO0 tCiência e Tecnologia de Alimentos (Brazil)xISSN 1678-457Xg(Apr-Jun 2012), v. 32(2) p. 334-343wBR201300868940uhttp://www.scielo.br/pdf/cta/v32n2/aop5017.pdf